Física: conceptos y aplicaciones
Uloženo v:
| Hlavní autor: | |
|---|---|
| Médium: | Kniha |
| Jazyk: | španělština |
| Vydáno: |
Ciudad de México
McGraw-Hill
2011
|
| Vydání: | 7a. ed |
| Témata: | |
| Tagy: |
Přidat tag
Žádné tagy, Buďte první, kdo vytvoří štítek k tomuto záznamu!
|
MARC
| LEADER | 00000cam a2200000 a 4500 | ||
|---|---|---|---|
| 001 | UCF9455 | ||
| 003 | CL-VaPUC | ||
| 008 | 131125e20110000mx |||||||||||||||||spa|d | ||
| 020 | |a 9786071504715 | ||
| 082 | 0 | 4 | |a 530 |b TIP |2 21 |
| 100 | 0 | |a Tippens, Paul E |e author |9 571764 | |
| 245 | 1 | 0 | |a Física: conceptos y aplicaciones |
| 250 | |a 7a. ed | ||
| 300 | |a 782 p | ||
| 942 | |c BK | ||
| 945 | |d 20131125 03:22:00 |a dcastane | ||
| 260 | |a Ciudad de México |b McGraw-Hill |c 2011 | ||
| 650 | 0 | |a Física |9 227844 | |
| 650 | 0 | |a Mecánica |9 260096 | |
| 650 | 0 | |a Equilibrio |9 362780 | |
| 650 | 0 | |a Energía |9 259431 | |
| 650 | 7 | |a POTENCIA |2 CL-VaPUC |9 571765 | |
| 583 | |a last modification |c 20131128 11:10:48 |k Rodrigo Vera | ||
| 999 | |c 353898 |d 353896 | ||